[Event "Match"]
[Site "www.echecsemail.com"]
[Date "2015.01.22"]
[Round "1"]
[White "Harrytheking"]
[Black "Crush"]
[WhiteElo "1670"]
[BlackElo "1730"]
[Result "1-0"]
[Round "1"]
1.c4 e5
2.e4 d6
3.h3 Ng8f6
4.Nb1c3 Nb8c6
5.Ng1f3 g6
6.Bf1e2 Bf8g7
7.d3 O-O
8.a3 Bc8e6
9.b3 Nc6d4
10.Nf3xd4 exd4
11.Nc3d5 Nf6xd5
12.exd5 Be6f5
13.O-O c6
14.dxc6 bxc6
15.Bc1b2 Qd8h4
16.Be2g4 Bf5e6
17.Qd1f3 c5
18.Bb2c1 Be6xg4
19.hxg4 Bg7e5
20.g3 Qh4h3
21.Qf3g2 Qh3xg4
22.Qg2e4 Qg4d7
23.Bc1h6 Rf8b8
24.b4 cxb4
25.axb4 Qd7h3
26.Bh6f4 Rb8e8
27.Bf4xe5 dxe5
28.Qe4h4 Qh3xh4
29.gxh4 Re8b8
30.b5 f5
31.f3 e4
32.fxe4 fxe4
33.dxe4 Rb8c8
34.Ra1c1 h5
35.Rf1f6 Kg7
36.Rf6d6 Rc8e8
37.Rd6xd4 Kf6
38.Rc1f1 Ke5
39.Rd4d5 Ke6
40.c5 Ra8b8
41.Rd5d6 Ke5
42.Rf1f6 Rb8xb5
43.Rf6xg6 Kxe4
44.c6 a5
45.c7 a4
46.Rd6c6 Re8c8
47.Rg6e6 Kd5
48.Rc6d6 Kc5
49.Rd6c6 Kd5
50.Re6d6 Ke5
51.Rd6d8 Rb5b1
52.Kf2 Rb1b2
53.Ke3 a3
54.Rd8xc8 a2
55.Rc8a8 Kd5
56.c8Q Ke5
57.Qc8h8 Kd5
58.Qh8xb2 Kxc6
59.Qb2xa2 Kc5
60.Ra8d8 Kc6
61.Rd8d1 Kc5
62.Qa2c2 Kb4
63.Kd4 Kb5
64.Rd1b1 Ka5
65.Qc2a2 
1-0

[Event "Match"]
[Site "www.echecsemail.com"]
[Date "2015.01.22"]
[Round "1"]
[White "Sanci"]
[Black "Mourinho01"]
[WhiteElo "1410"]
[BlackElo "2109"]
[Result "0-1"]
[Round "1"]
1.e4 e5
2.d3 Ng8f6
3.Bc1g5 Bf8e7
4.Bg5xf6 Be7xf6
5.Ng1f3 Nb8c6
6.Bf1e2 d6
7.c3 Bc8e6
8.Qd1a4 O-O
9.Qa4b5 Ra8b8
10.Qb5a4 Be6d7
11.Qa4c4 a6
12.Nb1a3 Bd7e6
13.Qc4a4 b5
14.Qa4c2 d5
15.Qc2d2 Bf6e7
16.b4 a5
17.bxa5 Be7xa3
18.O-O f6
19.c4 Ba3b4
20.Qd2b2 bxc4
21.dxc4 d4
22.Qb2c2 Nc6xa5
23.Rf1d1 Bb4c3
24.Ra1c1 Be6xc4
25.Be2xc4 Na5xc4
26.Qc2d3 Nc4b2
27.Qd3c2 Nb2xd1
28.Qc2xd1 Rb8b2
29.a4 Qd8a8
30.Nf3e1 Qa8xe4
31.Ne1d3 Rf8a8
32.Nd3xb2 Bc3xb2
33.Rc1xc7 Ra8b8
34.h3 Bb2c3
35.Kh2 Qe4f4
36.Kg1 e4
37.Qd1h5 Rb8b1
38.Qh5d1 Rb1xd1

0-1

[Event "Match"]
[Site "www.echecsemail.com"]
[Date "2015.01.22"]
[Round "1"]
[White "Calponas"]
[Black "Amateurplay"]
[WhiteElo "2080"]
[BlackElo "1929"]
[Result "0-1"]
[Round "1"]
1.d4 g6
2.e4 d6
3.Nb1c3 Bf8g7
4.Bc1e3 Ng8f6
5.f3 O-O
6.Qd1d2 e5
7.O-O-O exd4
8.Be3xd4 Nb8c6
9.Bd4e3 a6
10.Bf1c4 b5
11.Bc4b3 b4
12.Nc3d5 Nf6xd5
13.Bb3xd5 Qd8f6
14.c3 bxc3
15.bxc3 Bc8d7
16.Ng1e2 Ra8b8
17.Bd5xc6 Bd7xc6
18.Ne2d4 Bc6a4
19.Rd1e1 Qf6e5
20.Nd4b3 Ba4xb3
21.axb3 Rb8xb3
22.Be3d4 Qe5b5
23.Qd2a2 Rf8b8
24.Bd4xg7 Qb5d3
{ resign }
0-1

[Event "1/16 Finale"]
[Site "www.chess-mail.com"]
[Date "2015.01.22"]
[Round "1"]
[White "Merlino23"]
[Black "Echo314"]
[WhiteElo "2610"]
[BlackElo "2650"]
[Result "1/2-1/2"]
[Round "1"]
1.e4 c5
2.Ng1f3 d6
3.d4 cxd4
4.Nf3xd4 Ng8f6
5.Nb1c3 a6
6.Bc1g5 e6
7.f4 Qd8b6
8.Qd1d2 Qb6xb2
9.Ra1b1 Qb2a3
10.f5 Nb8c6
11.fxe6 fxe6
12.Nd4xc6 bxc6
13.Bf1e2 Bf8e7
14.O-O O-O
15.Rb1b3 Qa3c5
16.Bg5e3 Qc5e5
17.Be3d4 Qe5a5
18.Bd4b6 Qa5e5
19.Bb6d4 { draw }
1/2-1/2

[Event "Tourn. n8013"]
[Site "www.chess-mail.com"]
[Date "2015.01.22"]
[Round "1"]
[White "Krasin"]
[Black "Sontuozio"]
[WhiteElo "2180"]
[BlackElo "2190"]
[Result "1/2-1/2"]
[Round "1"]
1.e4 e6
2.d4 d5
3.e5 c5
4.c3 Nb8c6
5.Ng1f3 Bc8d7
6.Bf1e2 Qd8b6
7.O-O Ng8e7
8.dxc5 Qb6xc5
9.b4 Qc5b6
10.Bc1e3 Qb6c7
11.b5 Nc6a5
12.Be3d4 Na5c4
13.a4 Ne7f5
14.Nb1d2 Ra8c8
15.Be2d3 Nf5xd4
16.cxd4 Nc4xd2
17.Qd1xd2 Qc7c3
18.Qd2e3 Qc3a5
19.Nf3d2 Rc8c3
20.Nd2b1 Rc3c7
21.Nb1d2 Rc7c3
22.Nd2b1 Rc3c7
23.Nb1d2 Rc7c3
{ draw }
1/2-1/2

[Event "Tourn. n7950"]
[Site "www.chess-mail.com"]
[Date "2015.01.22"]
[Round "1"]
[White "Cardiff"]
[Black "Vite"]
[WhiteElo "2070"]
[BlackElo "2020"]
[Result "0-1"]
[Round "1"]
1.e4 c6
2.Nb1c3 d5
3.Ng1f3 d4
4.Nc3e2 c5
5.d3 Bc8g4
6.Ne2g3 Nb8c6
7.h3 Bg4xf3
8.Qd1xf3 Ng8f6
9.a3 e5
10.Bf1e2 Bf8e7
11.Ng3f5 O-O
12.O-O b5
13.Bc1g5 a5
14.Nf5xe7 Qd8xe7
15.Qf3f5 Qe7d6
16.f4 Nf6d7
17.fxe5 Nd7xe5
18.Bg5f4 f6
19.Qf5h5 g6
20.Qh5h6 Qd6e7
21.Rf1f2 Ne5f7
22.Qh6h4 g5
23.Qh4g3 Kh8
24.Bf4d2 Nc6e5
25.Ra1f1 Ne5d7
26.Be2g4 Ra8a6
27.Bg4xd7 Qe7xd7
28.Rf2xf6 Ra6xf6
29.Rf1xf6 h6
30.e5 Rf8e8
31.Qg3f2 Kg7
32.Bd2xa5 Nf7xe5
33.Rf6f5 Re8e6
34.Ba5d2 Qd7e7
35.Qf2f1 Kg6
36.Rf5f8 Re6f6
37.Qf1e2 Rf6xf8
38.Qe2e4 Kg7
{ resign }
0-1

[Event "Tourn. n7923"]
[Site "www.chess-mail.com"]
[Date "2015.01.22"]
[Round "1"]
[White "Fabos12"]
[Black "Neo"]
[WhiteElo "1810"]
[BlackElo "1770"]
[Result "1-0"]
[Round "1"]
1.e4 e5
2.Nb1c3 d6
3.d4 f6
4.Bf1c4 Ng8e7
5.Nc3d5 Ne7xd5
6.Bc4xd5 Nb8a6
7.Ng1f3 Na6b4
8.Bd5b3 b6
9.a3 Nb4a6
10.d5 Bc8b7
11.c4 Na6c5
12.Bb3c2 Qd8d7
13.O-O O-O-O
14.b4 Nc5xe4
15.Bc2xe4 Kb8
16.Qd1c2 g5
17.Be4f5 Qd7e7
18.Rf1e1 h5
19.a4 g4
20.Nf3h4 Rh8g8
21.a5 Bb7c8
22.Bf5g6 Rg8xg6
23.Nh4xg6 Qe7g7
24.axb6 axb6
25.Qc2a4 Bc8b7
26.Qa4a7 Kc8
27.Ng6h4 Qg7h7
28.Bc1e3 Qh7d3
29.Re1c1 Qd3b3
30.b5 Bb7xd5
31.cxd5 c5
32.bxc6 Qb3xd5
33.Qa7b7 
1-0

[Event "Tourn. n7944"]
[Site "www.chess-mail.com"]
[Date "2015.01.22"]
[Round "1"]
[White "Crull"]
[Black "Generalfree"]
[WhiteElo "1790"]
[BlackElo "1700"]
[Result "1-0"]
[Round "1"]
1.d4 e6
2.c4 d5
3.Ng1f3 dxc4
4.e4 b5
5.a4 c6
6.axb5 cxb5
7.Bc1g5 f6
8.Bg5h4 g5
9.Bh4g3 Nb8c6
10.Nb1c3 Bf8b4
11.Bf1e2 g4
12.Nf3h4 Nc6xd4
13.Be2xg4 Ng8h6
14.O-O Rh8g8
15.Bg4h5 Nh6f7
16.Nc3xb5 e5
17.Qd1a4 Nd4e2
18.Kh1 Ne2xg3
19.fxg3 Ra8b8
20.Nb5c3 Bc8d7
21.Qa4c2 Bb4xc3
22.Qc2xc3 Bd7b5
23.Ra1d1 Qd8e7
24.Nh4f5 Qe7e6
25.Qc3b4 Rb8b7
26.Bh5xf7 Kxf7
27.Nf5d6 Kg6
28.Nd6xb7 Qe6a6
29.Qb4e7 c3
30.Rf1f2 Rg8e8
31.Qe7c7 Bb5c6
32.Nb7d6 Re8e6
33.Nd6f5 Qa6a2
34.Qc7g7 { resign }
1-0

[Event "Tourn. n7836"]
[Site "www.chess-mail.com"]
[Date "2015.01.22"]
[Round "1"]
[White "Madz123456"]
[Black "Pgcbies"]
[WhiteElo "2420"]
[BlackElo "2730"]
[Result "0-1"]
[Round "1"]
1.e4 c6
2.d4 d5
3.e5 Bc8f5
4.h4 h5
5.c4 e6
6.Nb1c3 Ng8e7
7.Ng1e2 dxc4
8.Ne2g3 b5
9.Bf1e2 Bf5g6
10.a4 Ne7d5
11.O-O a5
12.axb5 Nd5xc3
13.bxc3 cxb5
14.Bc1g5 Bf8e7
15.f4 Nb8c6
16.Be2f3 Ra8a6
17.Bf3xc6 Ra6xc6
18.Bg5xe7 Qd8xe7
19.Ra1xa5 O-O
20.f5 Bg6xf5
21.Ng3xf5 exf5
22.Ra5xb5 Qe7xh4
23.Rf1xf5 Rc6g6
24.Qd1e2 Rf8a8
25.Rb5b1 Qh4g4
26.Qe2xg4 Rg6xg4
27.Rb1b4 Ra8a2
28.Rf5f2 Ra2a1
 { time }
0-1

[Event "Tourn. n7922"]
[Site "www.chess-mail.com"]
[Date "2015.01.22"]
[Round "1"]
[White "Hali"]
[Black "Cardiff"]
[WhiteElo "2190"]
[BlackElo "2030"]
[Result "1-0"]
[Round "1"]
1.e4 e5
2.Nb1c3 Ng8f6
3.f4 d5
4.fxe5 Nf6xe4
5.Qd1f3 f5
6.Bf1b5 c6
7.Bb5a4 Bc8e6
8.d3 Ne4xc3
9.bxc3 Qd8a5
10.Ng1e2 Qa5xa4
11.Ne2d4 Kd7
12.O-O g6
13.c4 Bf8c5
14.Bc1e3 Bc5xd4
15.Be3xd4 dxc4
16.dxc4 Qa4xc4
17.Bd4c3 Nb8a6
18.Rf1d1 Kc7
19.Rd1d4 Qc4c5
20.Kh1 Ra8d8
21.Rd4a4 Qc5d5
22.Qf3e2 Qd5c5
23.Bc3a5 Kc8
24.Ba5xd8 Rh8xd8
25.Ra1b1 Rd8d4
26.Ra4xd4 Qc5xd4
27.Rb1d1 Qd4c5
28.Rd1d6 Qc5c4
29.Qe2xc4 Be6xc4
30.e6 Kc7
31.Rd6d7 Kc8
32.Rd7d6 Na6c7
33.e7 b6
34.Rd6d8 Kb7
35.e8Q Nc7xe8
36.Rd8xe8 Bc4xa2
37.Re8e7 Ka6
38.Re7xh7 Ba2b1
39.c3 g5
40.h3 g4
41.h4 f4
42.Rh7f7 f3
43.gxf3 gxf3
44.h5 Kb5
45.Rf7xa7 Kc4
46.Kg1 Kxc3
47.h6 c5
48.Ra7b7 c4
49.Rb7xb6 Bb1e4
50.Rb6e6 Be4h7
51.Re6e7 Bh7d3
52.Kf2 Kd2
53.Re7d7 Kc2
54.Kxf3 Bd3g6
55.h7 Bg6xh7
56.Rd7xh7 c3
57.Ke2 Kb1
58.Rh7c7 c2
59.Kd2 { resign }
1-0

[Event "Match"]
[Site "www.echecsemail.com"]
[Date "2015.01.22"]
[Round "1"]
[White "Harrytheking"]
[Black "Pare123"]
[WhiteElo "1730"]
[BlackElo "1950"]
[Result "0-1"]
[Round "1"]
1.c4 e5
2.e4 Bf8c5
3.Ng1h3 a6
4.a3 Ng8f6
5.Nb1c3 c6
6.b4 Bc5a7
7.c5 d6
8.cxd6 Bc8xh3
9.gxh3 Qd8xd6
10.Qd1e2 Nb8d7
11.d3 Ba7d4
12.Bc1d2 c5
13.Ra1b1 cxb4
14.axb4 b5
15.Bf1g2 g6
16.Nc3d5 Nf6xd5
17.exd5 Nd7b6
18.O-O O-O
19.Bd2e3 f5
20.Be3xd4 exd4
21.Qe2e6 Qd6xe6
22.dxe6 Ra8a7
23.Rf1e1 Ra7e7
24.Re1e5 Nb6a4
25.Rb1e1 Rf8d8
26.h4 Kg7
27.Bg2c6 Rd8d6
28.Bc6d5 Na4b2
29.Re1a1 Nb2xd3
30.Re5e2 Rd6xd5
31.Ra1xa6 Nd3xb4
32.Ra6b6 d3
33.Re2d2 Nb4c2
34.f4 Nc2e1
35.Kf1 Ne1f3
36.Rd2d1 Nf3xh4
37.h3 Kf6
38.Rb6b8 Re7xe6
39.Rb8h8 Re6e4
40.Rh8xh7 Re4xf4
41.Kg1 b4
42.Kh2 d2
43.Rh7h8 Rd5d3
44.Rh8f8 Kg7
45.Rf8b8 Rf4f2
{ resign }
0-1

[Event "Match"]
[Site "www.echecsemail.com"]
[Date "2015.01.22"]
[Round "1"]
[White "Darknight"]
[Black "Gimmyg"]
[WhiteElo "1790"]
[BlackElo "1589"]
[Result "0-1"]
[Round "1"]
1.e4 Nb8c6
2.c3 d5
3.exd5 Qd8xd5
4.Ng1f3 e5
5.h3 e4
6.Nf3g1 Nc6e5
7.f3 Ne5d3
8.Bf1xd3 exd3
9.Qd1a4 Bc8d7
10.Qa4e4 Qd5xe4
11.fxe4 Ng8f6
12.e5 Nf6e4
13.Ng1f3 Ne4g3
14.Rh1g1 Ng3e2
15.Rg1f1 Ne2xc1
16.Rf1h1 Nc1e2
17.Kf2 Bf8c5
18.Ke1 O-O
19.b4 Bc5e7
20.Kf2 f6
21.e6 Bd7xe6
22.Ke3 Ra8d8
23.Rh1e1 a5
24.Nf3d4 Ne2xd4
25.cxd4 axb4
26.Kxd3 Be7c5
27.Re1xe6 Bc5xd4
28.Nb1c3 Bd4xc3
29.Kc4 Bc3xa1
30.Kxb4 Rd8xd2
31.g4 Rd2xa2
32.Re6e7 Ba1e5
33.g5 Be5d6
{ resign }
0-1

[Event "Match"]
[Site "www.echecsemail.com"]
[Date "2015.01.22"]
[Round "1"]
[White "Ivano"]
[Black "Karlgrocer"]
[WhiteElo "1880"]
[BlackElo "1960"]
[Result "0-1"]
[Round "1"]
1.d4 Ng8f6
2.c4 e6
3.Ng1f3 Bf8e7
4.Bc1g5 O-O
5.Nb1c3 d6
6.Bg5xf6 Be7xf6
7.e3 b6
8.Bf1e2 Bc8b7
9.O-O Nb8d7
10.e4 e5
11.d5 Bf6e7
12.b4 c5
13.dxc6 Bb7xc6
14.b5 Bc6b7
15.Qd1d2 Nd7c5
16.Qd2c2 Qd8c7
17.Nc3d5 Bb7xd5
18.cxd5 Be7f6
19.a4 Qc7e7
20.a5 Ra8b8
21.Ra1a3 Rf8c8
22.Nf3d2 Bf6g5
23.Rf1a1 Bg5xd2
24.Qc2xd2 Nc5xe4
25.Qd2e3 Ne4f6
26.axb6 axb6
 { time }
0-1

[Event "Match"]
[Site "www.echecsemail.com"]
[Date "2015.01.22"]
[Round "1"]
[White "Stevo100"]
[Black "Emmanuelasi"]
[WhiteElo "2030"]
[BlackElo "2110"]
[Result "0-1"]
[Round "1"]
1.d4 Nb8c6
2.Ng1f3 d6
3.e3 Ng8f6
4.Bf1d3 g6
5.b3 Bf8g7
6.a3 O-O
7.Bc1b2 Bc8g4
8.Nb1d2 Rf8e8
9.h3 Bg4c8
10.O-O h6
11.Qd1e2 e5
12.dxe5 Nc6xe5
13.Nf3xe5 dxe5
14.e4 Nf6h5
15.Ra1d1 Nh5f4
16.Qe2e3 Qd8g5
17.Qe3g3 Qg5e7
18.Nd2c4 h5
19.Qg3e3 h4
20.Kh2 a5
21.g3 Nf4xh3
22.Rf1h1 b6
23.Kg2 hxg3
24.Qe3xg3 Nh3f4
25.Kf1 Bc8a6
26.Bb2c1 Nf4xd3
27.Rd1xd3 Ba6xc4
28.bxc4 Ra8d8
29.Rd3xd8 Re8xd8
30.Bc1g5 Rd8d1
31.Kg2 Qe7d6
32.Qg3h3 Rd1xh1
33.Kxh1 f6
34.Bg5h6 Qd6d1
35.Kg2 Bg7xh6
36.Qh3xh6 Qd1g4
37.Kf1 Qg4xe4
{ resign }
0-1

[Event "1/8 Finale"]
[Site "www.chess-mail.com"]
[Date "2015.01.22"]
[Round "1"]
[White "Schwiizer"]
[Black "Rocadamica"]
[WhiteElo "2700"]
[BlackElo "2810"]
[Result "1-0"]
[Round "1"]
1.e4 c5
2.Ng1f3 d6
3.d4 cxd4
4.Nf3xd4 Ng8f6
5.Nb1c3 a6
6.Bc1e3 e5
7.Nd4b3 Bc8e6
8.f3 h5
9.Nc3d5 Nf6xd5
10.exd5 Be6f5
11.Bf1d3 Bf5xd3
12.Qd1xd3 Bf8e7
13.O-O-O Nb8d7
14.Kb1 Ra8c8
15.Nb3d2 Qd8c7
16.c3 b5
17.h3 h4
18.f4 O-O
19.f5 Nd7f6
20.g4 hxg3
21.Rh1g1 Nf6h5
22.Qd3e4 Kh7
23.Qe4g4 g6
24.Ka1 Qc7b7
25.Rd1f1 Qb7xd5
26.Nd2e4 Nh5f4
27.Ne4xg3 Rc8c4
28.Ng3e2 Qd5e4
29.fxg6 Qe4xg6
30.Qg4f3 Qg6h5
31.Rg1g4 f5
32.Rg4xf4 Qh5xf3
33.Rf4xf3 f4
34.Be3d2 Rf8g8
35.Bd2xf4 exf4
36.Ne2xf4 Be7f6
37.Nf4d5 Bf6e5
38.Nd5f6 Be5xf6
39.Rf3xf6 Rg8g6
40.a3 Rc4c5
41.Ka2 Kg7
42.Rf6f7 Kh6
43.Kb3 Rc5e5
44.Rf7d7 Re5c5
45.Rf1f4 Rg6e6
46.Rd7a7 Rc5c6
47.Rf4f8 d5
48.Ra7d7 Re6e2
49.Rd7xd5 Rc6g6
50.Rf8h8 Kg7
51.Rh8h5 Rg6f6
52.Rd5g5 Kf8
53.Rh5h8 Ke7
54.Rh8h7 Rf6f7
55.Rh7xf7 Kxf7
56.h4 Re2h2
57.h5 Rh2h3
58.Rg5g6 { resign }
1-0

[Event "Tourn. n7968"]
[Site "www.chess-mail.com"]
[Date "2015.01.23"]
[Round "1"]
[White "Difficult"]
[Black "Amaya"]
[WhiteElo "1880"]
[BlackElo "1890"]
[Result "1-0"]
[Round "1"]
1.Ng1f3 g6
2.c3 Bf8g7
3.d4 Ng8f6
4.g3 O-O
5.Bf1g2 d5
6.O-O Bc8f5
7.Bc1g5 Nf6e4
8.Bg5f4 c6
9.Nb1d2 Nb8d7
10.Nd2xe4 dxe4
11.Nf3d2 Nd7f6
12.Bf4e5 Nf6g4
13.Be5xg7 Kxg7
14.Nd2xe4 Rf8e8
15.Ne4c5 Ra8b8
16.e4 Bf5c8
17.h3 Ng4f6
18.e5 Nf6d5
19.Qd1c2 Bc8f5
20.Qc2d2 Qd8c8
21.Kh2 Nd5b6
22.f4 Nb6d7
23.Nc5xd7 Bf5xd7
24.g4 Re8d8
25.Qd2e3 Bd7e6
26.Rf1f2 Qc8c7
27.Ra1f1 Be6xa2
28.f5 Ba2c4
29.Rf1e1 Bc4d5
30.Kg1 Bd5xg2
31.Kxg2 Rd8d5
32.f6 exf6
33.exf6 Kf8
34.Qe3h6 Kg8
35.Qh6g7 { resign }
1-0

[Event "Tourn. n7897"]
[Site "www.chess-mail.com"]
[Date "2015.01.23"]
[Round "1"]
[White "Jjmcbride"]
[Black "Silent1"]
[WhiteElo "1760"]
[BlackElo "1820"]
[Result "0-1"]
[Round "1"]
1.e4 e5
2.Ng1f3 d6
3.h3 Bf8e7
4.d4 exd4
5.Nf3xd4 Ng8f6
6.Bf1d3 Bc8d7
7.c4 Nb8c6
8.Bd3c2 O-O
9.Nb1c3 Nc6xd4
10.Qd1xd4 Bd7c6
11.O-O a6
12.b4 h6
13.Rf1e1 a5
14.b5 Bc6d7
15.e5 dxe5
16.Qd4xe5 Be7d6
17.Qe5e2 Qd8e8
18.Nc3e4 Nf6xe4
19.Bc2xe4 Ra8b8
20.a4 b6
21.Bc1b2 Qe8c8
22.Qe2d3 Bd7e6
23.Bb2a3 Bd6xa3
24.Ra1xa3 Rf8d8
25.Qd3c2 Rd8d4
26.Ra3c3 Qc8d8
27.Re1d1 Rd4xd1
28.Kh2 Qd8d6
29.Rc3g3 Rb8d8
30.Qc2c3 Qd6d4
31.Be4c2 Qd4xc3
32.Rg3xc3 Rd1d4
33.c5 Rd4d2
34.cxb6 cxb6
35.f4 Be6c8
36.Rc3c6 Rd2xc2
37.Rc6xc2 Bc8e6
38.g4 Rd8d4
39.Rc2c6 Rd4xa4
40.Rc6xb6 Ra4b4
41.Rb6d6 Rb4xb5
42.Kg3 a4
43.Rd6a6 Rb5b3
44.Kh4 a3
45.f5 Be6c4
46.Ra6c6 Rb3b4
47.Kh5 a2
48.g5 Bc4e2

0-1

[Event "Tourn. n7943"]
[Site "www.chess-mail.com"]
[Date "2015.01.23"]
[Round "1"]
[White "Attatroll"]
[Black "Picifarkinca"]
[WhiteElo "2040"]
[BlackElo "1990"]
[Result "0-1"]
[Round "1"]
1.e4 e5
2.f4 exf4
3.Ng1f3 d5
4.exd5 Bf8d6
5.d4 c6
6.dxc6 Qd8e7
7.Qd1e2 Nb8xc6
8.Qe2xe7 Ng8xe7
9.Bf1b5 O-O
10.O-O Bc8f5
11.c3 Ne7g6
12.Bb5xc6 bxc6
13.Nb1d2 Bf5d3
14.Rf1e1 Rf8e8
15.Nd2b3 Re8xe1
16.Nf3xe1 Bd3a6
17.Ne1f3 Ra8e8
18.Kf2 Re8e2
19.Kf1 Re2xb2
20.Kg1 Rb2e2
21.Nb3a5 c5
22.dxc5 Bd6xc5
23.Kh1 Bc5b6
24.Na5c6 Ba6b7
25.Nc6d4 Re2e8
26.Bc1a3 Bb7d5
27.h3 f6
28.Nd4b3 Bd5xf3
29.gxf3 Re8e3
30.Ra1f1 Re3xc3
31.Ba3b4 Rc3c2
32.Rf1d1 Rc2xa2
33.h4 Ng6xh4
34.Nb3d2 Bb6e3
35.Nd2e4 Nh4xf3
36.Rd1d8 Kf7
{ resign }
0-1

[Event "Tourn. n7954"]
[Site "www.chess-mail.com"]
[Date "2015.01.23"]
[Round "1"]
[White "Anol"]
[Black "Bjonil60"]
[WhiteElo "1290"]
[BlackElo "1320"]
[Result "0-1"]
[Round "1"]
1.e4 Nb8c6
2.d4 a6
3.Nb1c3 e6
4.Ng1f3 Qd8e7
5.g3 g6
6.Bf1g2 b6
7.O-O b5
8.e5 f6
9.Rf1e1 f5
10.Nf3g5 h6
11.Ng5f3 Ra8b8
12.a3 Nc6a7
13.Nf3h4 g5
 { time }
0-1

[Event "Tourn. n7950"]
[Site "www.chess-mail.com"]
[Date "2015.01.23"]
[Round "1"]
[White "Picifarkinca"]
[Black "Luban"]
[WhiteElo "2000"]
[BlackElo "2160"]
[Result "1-0"]
[Round "1"]
1.Ng1f3 d5
2.g3 c5
3.Bf1g2 e6
4.d4 Ng8f6
5.O-O Nb8c6
6.c4 h6
7.Nb1c3 a6
8.cxd5 exd5
9.Bc1f4 Bf8e7
10.dxc5 Be7xc5
11.Ra1c1 Bc8e6
12.e3 Bc5e7
13.Nf3e5 Nc6xe5
14.Bf4xe5 O-O
15.Be5d4 b5
16.b3 Be7a3
17.Rc1c2 Qd8d7
18.Bd4xf6 { resign }
1-0

[Event "Tourn. n7974"]
[Site "www.chess-mail.com"]
[Date "2015.01.23"]
[Round "1"]
[White "Cardiff"]
[Black "Luban"]
[WhiteElo "2070"]
[BlackElo "2180"]
[Result "1-0"]
[Round "1"]
1.e4 c5
2.d4 cxd4
3.c3 dxc3
4.Nb1xc3 e6
5.Ng1f3 d6
6.Bc1e3 a6
7.Bf1e2 b5
8.Qd1d2 Bc8b7
9.a3 Nb8c6
10.Ra1d1 Bf8e7
11.O-O h6
12.Be3f4 e5
13.Bf4e3 Ng8f6
14.h3 O-O
15.Rf1e1 Nc6a5
16.Be2d3 Ra8c8
17.Qd2e2 Na5c4
18.Bd3xc4 Rc8xc4
19.Nf3d2 Rc4c8
20.f3 d5
21.exd5 Nf6xd5
22.Nc3xd5 Qd8xd5
23.Nd2e4 Qd5e6
24.Rd1c1 Bb7xe4
25.fxe4 Rc8c4
26.Rc1xc4 Qe6xc4
27.Qe2xc4 bxc4
28.Re1c1 Rf8c8
29.Kf1 Kf8
30.Ke2 a5
31.Be3d2 a4
32.Bd2c3 f6
33.Rc1d1 Rc8d8
34.Rd1xd8 Be7xd8
35.Bc3b4 Bd8e7
36.Kd2 Ke8
37.Kc3 Kd7
38.Kxc4 Be7xb4
39.Kxb4 Kc6
40.Kxa4 Kb6
41.b4 g6
42.g4 { resign }
1-0

[Event "Tourn. n8009"]
[Site "www.chess-mail.com"]
[Date "2015.01.23"]
[Round "1"]
[White "Silent1"]
[Black "Georgepapi"]
[WhiteElo "1870"]
[BlackElo "1860"]
[Result "1-0"]
[Round "1"]
1.d4 Ng8f6
2.c4 e6
3.Nb1c3 Bf8b4
4.Bc1d2 d5
5.e3 c5
6.a3 Bb4xc3
7.bxc3 Qd8e7
8.Ng1f3 Nb8c6
9.cxd5 Nf6xd5
10.Bf1b5 Bc8d7
11.Bb5xc6 Bd7xc6
12.O-O O-O
13.Qd1b3 cxd4
14.cxd4 Qe7f6
15.Nf3e5 Ra8b8
16.Ne5xc6 bxc6
17.Qb3a4 Rb8b2
18.Rf1d1 Rf8b8
19.Qa4xc6 Qf6g6
20.Qc6c5 a6
21.Qc5a7 Qg6d3
22.h3 h6
23.Bd2b4 Qd3e2
24.Qa7xb8 Kh7
25.Rd1d2 Rb2xd2
26.Bb4xd2 { resign }
1-0

[Event "Tourn. n8032"]
[Site "www.chess-mail.com"]
[Date "2015.01.23"]
[Round "1"]
[White "Difficult"]
[Black "Luban"]
[WhiteElo "2020"]
[BlackElo "2090"]
[Result "1-0"]
[Round "1"]
1.d4 d5
2.c4 e6
3.Nb1c3 h6
4.cxd5 exd5
5.Ng1f3 Bc8e6
6.g3 a6
7.Bf1g2 Ng8f6
8.O-O c5
9.dxc5 Bf8xc5
10.Nf3d4 Bc5xd4
11.Qd1xd4 Nb8c6
12.Qd4d1 O-O
13.b3 Ra8c8
14.Bc1b2 b5
15.e3 Rf8e8
16.Nc3e2 Qd8e7
17.Ne2d4 Be6h3
18.Bg2xh3 { resign }
1-0

[Event "Tourn. n7940"]
[Site "www.chess-mail.com"]
[Date "2015.01.23"]
[Round "1"]
[White "Maredocla"]
[Black "Picifarkinca"]
[WhiteElo "1910"]
[BlackElo "1970"]
[Result "0-1"]
[Round "1"]
1.e4 e5
2.Ng1f3 Nb8c6
3.Nb1c3 Ng8f6
4.Bf1b5 Nc6d4
5.Bb5c4 Nd4xf3
6.Qd1xf3 c6
7.a3 Bf8e7
8.Qf3g3 O-O
9.Qg3xe5 Nf6g4
10.Qe5g3 d5
11.Bc4b3 Be7h4
12.Qg3d3 Ng4xf2
13.Qd3f1 Nf2xh1
14.g3 Nh1xg3
15.hxg3 Bh4xg3
16.Kd1 Bc8g4
17.Nc3e2 dxe4
18.Bb3a2 e3
19.d3 Bg3f2
20.b4 Qd8h4
21.Bc1b2 Bg4xe2
{ resign }
0-1

[Event "Match"]
[Site "www.echecsemail.com"]
[Date "2015.01.23"]
[Round "1"]
[White "Whitekknight"]
[Black "Ivano"]
[WhiteElo "1880"]
[BlackElo "1870"]
[Result "1-0"]
[Round "1"]
1.e4 c6
2.d4 d5
3.exd5 cxd5
4.Bf1e2 Ng8f6
5.Ng1f3 e6
6.a3 Bf8e7
7.Nb1c3 Nb8c6
8.Bc1e3 a6
9.O-O O-O
10.Nf3e5 Nc6xe5
11.dxe5 Nf6e4
12.Nc3xe4 dxe4
13.Qd1d4 Qd8d5
14.c3 f5
15.Ra1d1 Qd5xd4
16.cxd4 b5
17.b4 Bc8d7
18.f3 f4
19.Be3c1 e3
20.g3 Be7g5
21.h4 Bg5e7
22.gxf4 Rf8xf4
23.Bc1xe3 Rf4xh4
24.Be3f2 Rh4h6
25.Bf2g3  { time }
1-0

[Event "Match"]
[Site "www.echecsemail.com"]
[Date "2015.01.23"]
[Round "1"]
[White "Whitekknight"]
[Black "Joseph1983"]
[WhiteElo "1900"]
[BlackElo "2190"]
[Result "1-0"]
[Round "1"]
1.e4 d6
2.d4 Ng8f6
3.Nb1c3 g6
4.Ng1f3 Bf8g7
5.Bc1e3 c6
6.Bf1e2 O-O
7.O-O Nb8d7
8.Be2d3 e5
9.dxe5 dxe5
10.Qd1e2 Qd8e7
11.a3 Nd7c5
12.Bd3c4 Nc5xe4
13.Nc3xe4 Nf6xe4
14.Nf3d2 Ne4xd2
15.Be3xd2 Bc8e6
16.Bc4xe6 Qe7xe6
17.Bd2c3 Ra8d8
18.Rf1e1 Rf8e8
19.Qe2e3 b6
20.h3 f5
21.f3 c5
22.Re1e2 Rd8d7
23.Ra1e1 Qe6c6
24.Kf1 a6
25.Qe3f2 Rd7e7
26.g3 h6
27.h4 Qc6b7
28.Re2e3 e4
29.Bc3xg7 Kxg7
30.f4 Re7d7
31.Qf2e2 Re8d8
32.Qe2c4 Kh7
33.Re3e2 Rd7c7
34.Qc4c3 b5
35.Qc3e3 Qb7c6
36.Re2f2 c4
37.Rf2d2 Rd8xd2
38.Qe3xd2 Rc7d7
39.Qd2e3 Qc6d6
40.Qe3e2 Qd6d2
41.Qe2xd2 Rd7xd2
42.Re1e2 Rd2xe2
43.Kxe2 g5
44.Ke3 Kg6
45.hxg5 hxg5
46.g4 a5
47.gxf5 Kxf5
48.fxg5 { resign }
1-0

[Event "Match"]
[Site "www.echecsemail.com"]
[Date "2015.01.23"]
[Round "1"]
[White "Luzhin"]
[Black "Generalfree"]
[WhiteElo "2300"]
[BlackElo "1890"]
[Result "1-0"]
[Round "1"]
1.e4 e5
2.Ng1f3 f5
3.exf5 e4
4.Nf3e5 Ng8f6
5.Bf1e2 d6
6.Be2h5 g6
7.fxg6 dxe5
8.g7 Nf6xh5
9.Qd1xh5 Kd7
10.gxh8Q { resign }
1-0

[Event "Match"]
[Site "www.echecsemail.com"]
[Date "2015.01.23"]
[Round "1"]
[White "Ranjachess"]
[Black "Rindrandria"]
[WhiteElo "1530"]
[BlackElo "1560"]
[Result "1-0"]
[Round "1"]
1.d4 e6
2.Nb1c3 Nb8c6
3.Ng1f3 h6
4.e4 d6
5.d5 exd5
6.Qd1xd5 Bc8e6
7.Qd5b5 Qd8c8
8.Qb5a4 a6
9.e5 b5
10.Qa4e4 Nc6e7
11.Bc1f4 dxe5
12.Nf3xe5 Be6f5
13.Qe4e2 h5
14.O-O-O Bf5g4
15.f3 Qc8f5
16.Nc3d5 O-O-O
17.fxg4 hxg4
18.Nd5xe7 Bf8xe7
19.Bf4g3 Be7g5
20.Kb1 Rd8e8
21.Qe2xg4 Re8xe5
22.Qg4xf5 Re5xf5
23.h4 Bg5e3
24.Rd1e1 Be3d2
25.Bf1d3 Rf5f3
26.Re1d1 Bd2a5
27.gxf3 Ng8f6
28.Bg3e5 Nf6h5
29.Rh1g1 Rh8g8
30.a4 Ba5b6
31.Rg1g5 g6
32.axb5 a5
33.f4 f6
34.Rg5xg6 Rg8e8
35.Bd3e2 fxe5
36.Be2xh5 e4
37.Rg6xb6 Re8g8
38.Rb6e6 Rg8h8
39.Re6e8 Rh8xe8
40.Bh5xe8 e3
41.Rd1e1 { resign }
1-0

[Event "Match"]
[Site "www.echecsemail.com"]
[Date "2015.01.23"]
[Round "1"]
[White "Sanci"]
[Black "Vattila2010"]
[WhiteElo "1410"]
[BlackElo "1880"]
[Result "0-1"]
[Round "1"]
1.e4 e5
2.Qd1h5 d6
3.Bf1c4 g6
4.Qh5f3 Bc8e6
5.Bc4xe6 fxe6
6.Qf3b3 Qd8c8
7.Qb3b5 c6
8.Qb5a4 b5
9.Qa4b4 a5
10.Qb4c3 b4
11.Qc3f3 c5
12.c4 h5
13.Ng1h3 Bf8h6
14.a4 Qc8d8
15.b3 Qd8f6
16.Qf3xf6 Ng8xf6
17.f3 g5
18.Nh3f2 Nb8c6
19.h3 Nc6d4
20.Ra1a2 Nd4xb3
21.Bc1b2 g4
22.fxg4 hxg4
23.d3 g3
24.Nf2d1 Bh6f4
25.Rh1f1 Ra8a7
26.Rf1f3 Nb3d4
27.Rf3f1 Nf6h5
28.Rf1h1 Ra7f7
29.Bb2xd4 exd4
30.Rh1f1 Rh8f8
31.Rf1f3 e5
32.Ra2e2 Bf4g5
33.Rf3f1 Rf7xf1

0-1

[Event "Match"]
[Site "www.echecsemail.com"]
[Date "2015.01.23"]
[Round "1"]
[White "Ivano"]
[Black "Emmanuel69"]
[WhiteElo "1880"]
[BlackElo "1930"]
[Result "0-1"]
[Round "1"]
1.d4 d5
2.c4 c6
3.Ng1f3 Ng8f6
4.Nb1c3 e6
5.Bc1g5 Bf8e7
6.Bg5xf6 Be7xf6
7.cxd5 cxd5
8.e3 O-O
9.Bf1d3 a6
10.a4 Nb8c6
11.O-O g6
 { time }
0-1

[Event "Eq:Slap Shot Mates-Clubul Central de Sah : "]
[Site "www.chess-mail.com"]
[Date "2015.01.23"]
[Round "1"]
[White "Edijs"]
[Black "Rocadamica"]
[WhiteElo "2780"]
[BlackElo "2810"]
[Result "1-0"]
[Round "1"]
1.Ng1f3 d5
2.g3 Ng8f6
3.Bf1g2 c5
4.O-O Nb8c6
5.d3 e6
6.Nb1d2 Bf8e7
7.e4 O-O
8.Rf1e1 Qd8c7
9.e5 Nf6d7
10.Qd1e2 b5
11.Nd2f1 Bc8b7
12.h4 h6
13.Bc1f4 Rf8d8
14.Nf1e3 Qc7b6
15.Ne3g4 Be7f8
16.c3 b4
17.Qe2d2 bxc3
18.bxc3 Qb6a6
19.Bf4xh6 gxh6
20.Bg2f1 Kh7
21.Qd2f4 Bf8g7
22.d4 c4
23.Bf1h3 Rd8f8
24.Ng4f6 Nd7xf6
25.exf6 Rf8e8
26.fxg7 Kxg7
27.g4 Qa6a3
28.g5 Qa3e7
29.gxh6 Kh8
30.Kh1 Re8g8
31.Ra1b1 Bb7a6
32.h5 { resign }
1-0